[Event "College Final Four 2014"]
[Site "New York USA"]
[Date "2014.04.05"]
[Round "1.1"]
[White "Le, Quang Liem"]
[Black "Rosen, Eric S"]
[Result "1-0"]
[WhiteTitle "GM"]
[BlackTitle "FM"]
[WhiteElo "2710"]
[BlackElo "2304"]
[WhiteTeam "Webster University"]
[BlackTeam "University of Illinois"]
[WhiteFideId "12401137"]
[BlackFideId "2032562"]
[EventDate "2014.04.05"]

1. d4 Nf6 2. Nf3 e6 3. c4 b6 4. Nc3 Bb4 5. Qc2 Bb7 6. a3 Bxc3+ 7. Qxc3 d6 8. Bg5
h6 9. Bh4 g5 10. Bg3 Ne4 11. Qc2 h5 12. d5 exd5 13. cxd5 Bxd5 14. O-O-O Bb7 15.
e3 Qe7 16. Bb5+ Nd7 17. Ne5 Nxg3 18. Bxd7+ Kf8 19. Bc6 Qxe5 20. Bxb7 Rb8 21.
Qxc7 Rxb7 22. Qxb7 Nxh1 23. Rxh1 Qf5 24. Qf3 Qxf3 25. gxf3 Ke7 26. Kd2 Rc8 27.
h4 Kf6 28. hxg5+ Kxg5 29. f4+ Kg4 30. f3+ Kxf3 31. Rxh5 Ke4 32. Rh7 Rc7 33. Rh8
Re7 34. Ke2 Kd5 35. Kd3 Kc6 36. e4 f5 37. exf5 Kd5 38. f6 Rf7 39. Rh6 a6 40. a4
b5 41. a5 b4 42. Ke3 Rc7 43. Kf3 Ke6 44. f7+ Kxf7 45. Rh7+ 1-0

[Event "College Final Four 2014"]
[Site "New York USA"]
[Date "2014.04.05"]
[Round "1.2"]
[White "Auger, Michael W"]
[Black "So, Wesley"]
[Result "0-1"]
[BlackTitle "GM"]
[WhiteElo "2128"]
[BlackElo "2738"]
[WhiteTeam "University of Illinois"]
[BlackTeam "Webster University"]
[WhiteFideId "2031221"]
[BlackFideId "5202213"]
[EventDate "2014.04.05"]

1. e4 e5 2. Nf3 Nc6 3. Bb5 a6 4. Ba4 Nf6 5. O-O Be7 6. Re1 b5 7. Bb3 d6 8. c3
O-O 9. d3 h6 10. Nbd2 Na5 11. Bc2 c5 12. Nf1 Nc6 13. a4 Be6 14. Ng3 Rc8 15. axb5
axb5 16. h3 d5 17. exd5 Qxd5 18. Qe2 Nd7 19. Nd2 Nb6 20. Nf3 Nd7 21. Nd2 Bh4 22.
Nge4 Nd8 23. Nf3 Be7 24. Ng3 Bd6 25. Ra6 Bb8 26. Qe4 Rc6 27. Ra5 Qxe4 28. dxe4
Rb6 29. Be3 Nb7 30. Raa1 Rc8 31. Red1 Kf8 32. Nh4 b4 33. Ba4 Nf6 34. Nhf5 Bc7
35. cxb4 Rxb4 36. Bc6 Bb8 37. Bxb7 Rxb7 38. Ra5 Nd7 39. Rxd7 Bxd7 40. Bxc5+ Rxc5
41. Rxc5 Rxb2 42. Rd5 Rb7 43. Rd2 Ba7 44. Kh2 f6 45. h4 g6 46. Nd6 Rb4 47. h5
Rd4 48. Rxd4 exd4 49. hxg6 d3 50. Nc4 Bxf2 51. Nh5 Be6 52. g7+ Ke7 53. Nb2 d2
54. Nf4 Bb3 55. g3 Kf7 56. Kg2 Bd4 57. Nfd3 Bc2 58. e5 fxe5 0-1

[Event "College Final Four 2014"]
[Site "New York USA"]
[Date "2014.04.05"]
[Round "1.3"]
[White "Corrales Jimenez, Fidel"]
[Black "Luo, Xin"]
[Result "1-0"]
[WhiteTitle "GM"]
[WhiteElo "2571"]
[BlackElo "2070"]
[WhiteTeam "Webster University"]
[BlackTeam "University of Illinois"]
[WhiteFideId "3506690"]
[BlackFideId "8603022"]
[EventDate "2014.04.05"]

1. e4 c5 2. b3 e6 3. Bb2 d5 4. Nc3 Nc6 5. Bb5 Rb8 6. Nf3 a6 7. exd5 axb5 8. dxc6
bxc6 9. Ne5 Bb7 10. Ne4 Nh6 11. O-O Be7 12. Nd3 c4 13. bxc4 bxc4 14. Bxg7 Rg8
15. Bxh6 cxd3 16. Bf4 Ra8 17. Rb1 Ba6 18. c3 Qd5 19. Re1 Rg6 20. Rb6 Bc5 21. Rb1
Kf8 22. Qf3 Bb5 23. h4 f5 24. Ng5 Qxf3 25. Nxf3 Ra4 26. h5 Rg8 27. Bh6+ Ke7 28.
Bg5+ Kd6 29. Ne5 Kc7 30. Be3 Bd6 31. Bd4 Bxe5 32. Bxe5+ Kd7 33. Rb4 Rg4 34. Rxg4
fxg4 35. Kh2 Bc4 36. Re4 Bb5 37. Re1 Bc4 38. Re4 Bb5 39. Rxa4 Bxa4 40. Kg3 Bd1
41. Kf4 Ke7 42. Ke4 Be2 43. Kd4 Kd7 44. Kc5 g3 45. Bxg3 Bxh5 46. a4 Kc8 47. Kd6
Be2 48. Be5 Bf1 49. g3 Bh3 50. Kxc6 Bg4 51. a5 Bf3+ 52. Kd6 Bd5 53. a6 Bc4 54.
f4 Bxa6 55. Kxe6 h5 56. Ke7 1-0

[Event "College Final Four 2014"]
[Site "New York USA"]
[Date "2014.04.05"]
[Round "1.4"]
[White "Indusekar, Akshay"]
[Black "Bykhovsky, Anatoly"]
[Result "0-1"]
[BlackTitle "GM"]
[WhiteElo "2028"]
[BlackElo "2498"]
[WhiteTeam "University of Illinois"]
[BlackTeam "Webster University"]
[WhiteFideId "2071444"]
[BlackFideId "2806991"]
[EventDate "2014.04.05"]

1. Nf3 Nf6 2. c4 g6 3. Nc3 Bg7 4. e4 O-O 5. d4 d6 6. h3 Na6 7. Bg5 Qe8 8. Bd3 e5
9. d5 Nh5 10. g4 Nf4 11. Bc2 h6 12. Bh4 f5 13. gxf5 gxf5 14. Bg3 Nc5 15. Nh4
fxe4 16. Nxe4 b6 17. Qd2 Qh5 18. Nxc5 bxc5 19. Bd1 Qg5 20. Bc2 Rb8 21. Be4 Nh5
22. Qxg5 hxg5 23. Ng6 Re8 24. O-O-O Kf7 25. Rd3 Nf4 26. Rf3 Bf6 27. Nxf4 exf4
28. Re1 Bf5 29. Bxf5 Rxe1+ 30. Kd2 Rh1 0-1

[Event "College Final Four 2014"]
[Site "New York USA"]
[Date "2014.04.05"]
[Round "1.1"]
[White "Zherebukh, Yaroslav"]
[Black "Huschenbeth, Niclas"]
[Result "1-0"]
[WhiteTitle "GM"]
[BlackTitle "GM"]
[WhiteElo "2616"]
[BlackElo "2537"]
[WhiteTeam "Texas Tech"]
[BlackTeam "University of Maryland"]
[WhiteFideId "14116804"]
[BlackFideId "24604747"]
[EventDate "2014.04.05"]

1. d4 Nf6 2. Bf4 g6 3. Nf3 Bg7 4. h3 d6 5. Nbd2 O-O 6. e4 Nbd7 7. Bc4 c6 8. e5
dxe5 9. dxe5 Nd5 10. Bh2 b5 11. Be2 Bb7 12. O-O Nc7 13. Nb3 Ne6 14. Na5 Qxa5 15.
Qxd7 Qc7 16. Qxc7 Nxc7 17. Nd4 Rfd8 18. Rfd1 e6 19. Nb3 Rac8 20. Nc5 Ba8 21. a4
b4 22. Rd6 Bf8 23. c4 bxc3 24. bxc3 Ne8 25. Rxd8 Rxd8 26. Ne4 Be7 27. Rb1 c5 28.
f3 Nc7 29. Bg3 Nd5 30. Bf2 Kg7 31. Bf1 Nb6 32. Nxc5 Rc8 33. Rb5 Bxc5 34. Rxc5
Rxc5 35. Bxc5 Nxa4 36. Bd4 Bc6 37. Ba6 Kf8 38. c4 Nb6 39. Bc5+ Ke8 40. Bd6 Na4
41. Kf2 Kd7 42. Ke3 f6 43. Kd4 fxe5+ 44. Bxe5 Nb6 45. Bb8 Ke7 46. Bxa7 Nd7 47.
Bb5 e5+ 48. Ke3 Kd6 49. h4 Bb7 50. g4 Nf6 51. Ba4 Nd7 52. g5 Ba8 53. Bc2 Nf8 54.
Be4 Bxe4 55. Kxe4 Nd7 56. c5+ Kc6 57. Bb6 1-0

[Event "College Final Four 2014"]
[Site "New York USA"]
[Date "2014.04.05"]
[Round "1.2"]
[White "Akshayraj, Kore"]
[Black "Moradiabadi, Elshan"]
[Result "0-1"]
[WhiteTitle "GM"]
[BlackTitle "GM"]
[WhiteElo "2486"]
[BlackElo "2585"]
[WhiteTeam "University of Maryland"]
[BlackTeam "Texas Tech"]
[WhiteFideId "5012414"]
[BlackFideId "12501255"]
[EventDate "2014.04.05"]

1. d4 Nf6 2. c4 e6 3. Nc3 Bb4 4. g3 O-O 5. Bg2 d5 6. Nf3 dxc4 7. O-O Nc6 8. e3
Rb8 9. Qe2 b5 10. Rd1 Qe7 11. e4 e5 12. dxe5 Nxe5 13. Nxe5 Qxe5 14. Bf4 Qe7 15.
a4 a6 16. axb5 axb5 17. h3 Be6 18. g4 Rfc8 19. Bg5 h6 20. Be3 Nd7 21. f4 f6 22.
e5 Bxc3 23. bxc3 fxe5 24. Ba7 Ra8 25. Bxa8 Rxa8 26. fxe5 c6 27. Qe3 Rf8 28. Rd6
Bd5 29. Rxd5 cxd5 30. e6 Ra8 31. exd7 Qxd7 32. Qc5 d4 33. cxd4 c3 34. d5 c2 35.
Kh2 Rc8 36. Qg1 0-1

[Event "College Final Four 2014"]
[Site "New York USA"]
[Date "2014.04.05"]
[Round "1.3"]
[White "Gorovets, Andrey"]
[Black "Bregadze, Levan"]
[Result "1/2-1/2"]
[WhiteTitle "IM"]
[BlackTitle "IM"]
[WhiteElo "2442"]
[BlackElo "2423"]
[WhiteTeam "Texas Tech"]
[BlackTeam "University of Maryland"]
[WhiteFideId "13504037"]
[BlackFideId "13603264"]
[EventDate "2014.04.05"]

1. c4 Nf6 2. Nc3 e6 3. d4 c5 4. Nf3 cxd4 5. Nxd4 Nc6 6. a3 d5 7. cxd5 exd5 8.
Bg5 Be7 9. e3 O-O 10. Be2 Be6 11. O-O Rc8 12. Rc1 h6 13. Bh4 a6 14. Nxc6 Rxc6
15. Bf3 Rc4 16. Bxf6 Bxf6 17. Nxd5 Bxd5 18. Qxd5 Rxc1 19. Rxc1 Bxb2 20. Rb1 Qxd5
21. Bxd5 Rc8 22. Bxb7 Rc1+ 23. Rxc1 Bxc1 24. a4 a5 25. Kf1 Kf8 26. Ke2 Ke7 27.
Kf3 Bd2 28. Ke4 Be1 29. f4 g6 30. g4 Bd2 31. Kd3 Bc1 32. h4 f6 33. Be4 g5 34.
fxg5 fxg5 35. h5 Kf6 36. Kd4 Bb2+ 37. Kd5 Bc1 38. Kd4 Bb2+ 39. Kc5 Bc1 40. Kb6
Ke5 41. Bf5 Bxe3+ 42. Kxa5 Kd6 43. Ka6 Kc7 44. Kb5 Bf2 45. Bc2 Bg1 46. Bb3 Ba7
47. a5 Bg1 48. a6 Ba7 49. Bd1 Kd6 50. Kc4 Ke5 51. Ba4 Kd6 52. Kd3 Ke5 53. Bb3
Kf4 54. Be6 Ke5 1/2-1/2

[Event "College Final Four 2014"]
[Site "New York USA"]
[Date "2014.04.05"]
[Round "1.4"]
[White "Paikidze, Nazi"]
[Black "Torres Rosas, Luis Carlos"]
[Result "1-0"]
[WhiteTitle "IM"]
[BlackTitle "CM"]
[WhiteElo "2340"]
[BlackElo "2359"]
[WhiteTeam "University of Maryland"]
[BlackTeam "Texas Tech"]
[WhiteFideId "13603620"]
[BlackFideId "5111080"]
[EventDate "2014.04.05"]

1. d4 Nf6 2. c4 g6 3. Nc3 d5 4. cxd5 Nxd5 5. e4 Nxc3 6. bxc3 Bg7 7. Bc4 c5 8.
Ne2 O-O 9. O-O Nc6 10. Be3 Bg4 11. f3 Bd7 12. Qd2 Qc7 13. Rac1 Rad8 14. Bh6 Bc8
15. Rfd1 Na5 16. Bd3 e5 17. Bg5 f6 18. Bh4 Be6 19. d5 c4 20. Bc2 b6 21. Rb1 Nb7
22. Bf2 Bd7 23. a4 Rf7 24. Nc1 Bf8 25. Na2 Bc5 26. Nb4 Nd6 27. a5 bxa5 28. Na6
Bxf2+ 29. Qxf2 Qc8 30. Rb8 Qxa6 31. Rxd8+ Kg7 32. Rb1 Nb5 33. Qc5 Nxc3 34. Rbb8
Ne2+ 35. Kf2 Nd4 36. Rxd7 1-0

[Event "College Final Four 2014"]
[Site "New York USA"]
[Date "2014.04.05"]
[Round "2.1"]
[White "Huschenbeth, Niclas"]
[Black "Le, Quang Liem"]
[Result "0-1"]
[WhiteTitle "GM"]
[BlackTitle "GM"]
[WhiteElo "2537"]
[BlackElo "2710"]
[WhiteTeam "University of Maryland"]
[BlackTeam "Webster University"]
[WhiteFideId "24604747"]
[BlackFideId "12401137"]
[EventDate "2014.04.05"]

1. e4 c5 2. Nf3 e6 3. d4 cxd4 4. Nxd4 Nc6 5. Nc3 Qc7 6. Be3 a6 7. Bd3 Nf6 8. O-O
b5 9. Nxc6 Qxc6 10. Be2 Bd6 11. Bf3 Be5 12. Bd4 d6 13. a3 Bb7 14. Qd3 O-O 15.
Rad1 Qc7 16. Qe3 Bc6 17. Bb6 Qb7 18. Ba5 Rac8 19. Rfe1 Rfe8 20. g3 h6 21. Bg2
Ng4 22. Qe2 f5 23. Qf1 f4 24. h3 Nf6 25. g4 Nd7 26. Qd3 Qa7 27. Bb4 Nc5 28. Bxc5
dxc5 29. Ne2 c4 30. Qf3 Bxb2 31. Qxf4 Bxa3 32. e5 Rf8 33. Qg3 Bc5 34. Rf1 Qb7
35. Bxc6 Qxc6 36. Nf4 Rf7 37. g5 hxg5 38. Qxg5 Qf3 39. Nh5 Be7 40. Qg4 Qf5 41.
f4 Rcf8 42. Kg2 Qxc2+ 43. Rf2 Qf5 44. Qe2 Bh4 45. Rff1 c3 46. Kh2 Kh8 47. Rg1 g6 0-1

[Event "College Final Four 2014"]
[Site "New York USA"]
[Date "2014.04.05"]
[Round "2.2"]
[White "So, Wesley"]
[Black "Akshayraj, Kore"]
[Result "0-1"]
[WhiteTitle "GM"]
[BlackTitle "GM"]
[WhiteElo "2738"]
[BlackElo "2486"]
[WhiteTeam "Webster University"]
[BlackTeam "University of Maryland"]
[WhiteFideId "5202213"]
[BlackFideId "5012414"]
[EventDate "2014.04.05"]

1. d4 Nf6 2. c4 g6 3. Nc3 d5 4. Nf3 Bg7 5. e3 O-O 6. Bd2 Be6 7. Qb3 dxc4 8. Qxb7
Nbd7 9. Ng5 Bf5 10. e4 e5 11. exf5 exd4 12. fxg6 dxc3 13. gxf7+ Rxf7 14. bxc3
Rb8 15. Qc6 Qe7+ 16. Be2 Ne5 17. Qe6 h6 18. Qxe7 Rxe7 19. O-O-O hxg5 20. Bxg5
Re6 21. Rd4 Nd3+ 22. Bxd3 cxd3 23. Rxd3 Reb6 0-1

[Event "College Final Four 2014"]
[Site "New York USA"]
[Date "2014.04.05"]
[Round "2.3"]
[White "Bregadze, Levan"]
[Black "Meier, Georg"]
[Result "1/2-1/2"]
[WhiteTitle "IM"]
[BlackTitle "GM"]
[WhiteElo "2423"]
[BlackElo "2636"]
[WhiteTeam "University of Maryland"]
[BlackTeam "Webster University"]
[WhiteFideId "13603264"]
[BlackFideId "4675789"]
[EventDate "2014.04.05"]

1. d4 Nf6 2. c4 e6 3. Nf3 d5 4. g3 Bb4+ 5. Bd2 Be7 6. Bg2 c6 7. Qc2 O-O 8. O-O
Nbd7 9. Bf4 a5 10. Rd1 Nh5 11. Bd2 Nhf6 12. Bf4 b5 13. Ne5 Bb7 14. b3 Nxe5 15.
dxe5 Nd7 16. cxd5 cxd5 17. e4 dxe4 18. Nd2 Rc8 19. Qb1 Qc7 20. Nxe4 Nxe5 21. Qb2
Bxe4 22. Bxe4 f6 1/2-1/2

[Event "College Final Four 2014"]
[Site "New York USA"]
[Date "2014.04.05"]
[Round "2.4"]
[White "Robson, Ray"]
[Black "Foisor, Sabina-Francesca"]
[Result "1-0"]
[WhiteTitle "GM"]
[BlackTitle "WGM"]
[WhiteElo "2628"]
[BlackElo "2239"]
[WhiteTeam "Webster University"]
[BlackTeam "University of Maryland"]
[WhiteFideId "2023970"]
[BlackFideId "1212915"]
[EventDate "2014.04.05"]

1. e4 e5 2. Nf3 Nc6 3. Bb5 a6 4. Ba4 Nge7 5. O-O g6 6. c3 Bg7 7. d4 exd4 8. cxd4
b5 9. Bc2 d5 10. exd5 Nxd5 11. Re1+ Be6 12. Bg5 Qd7 13. Nbd2 O-O 14. Nb3 Bg4 15.
h3 Bxf3 16. Qxf3 Ndb4 17. Be4 f5 18. Bxc6 Qxc6 19. Qg3 Nd5 20. Rac1 Qb6 21. Rc5
f4 22. Qf3 Nf6 23. Rc6 Qb8 24. Re7 Ne8 25. Nc5 Rf5 26. Ne6 Rxg5 27. Nxg5 Nf6 28.
Rxf6 1-0

[Event "College Final Four 2014"]
[Site "New York USA"]
[Date "2014.04.05"]
[Round "2.1"]
[White "Rosen, Eric S"]
[Black "Zherebukh, Yaroslav"]
[Result "1/2-1/2"]
[WhiteTitle "FM"]
[BlackTitle "GM"]
[WhiteElo "2304"]
[BlackElo "2616"]
[WhiteTeam "University of Illinois"]
[BlackTeam "Texas Tech"]
[WhiteFideId "2032562"]
[BlackFideId "14116804"]
[EventDate "2014.04.05"]

1. c4 Nf6 2. Nc3 d5 3. cxd5 Nxd5 4. Nf3 g6 5. Qa4+ Nc6 6. Ne5 Qd6 7. Nxc6 Qxc6
8. Qxc6+ bxc6 9. g3 Bg7 10. Bg2 Be6 11. b3 O-O-O 12. Bb2 Nxc3 13. Bxc3 Bxc3 14.
dxc3 Rd6 15. Rd1 Rhd8 16. Rxd6 Rxd6 17. Be4 c5 18. Bc2 Bf5 19. e4 Bg4 20. f4 Bf3
21. O-O Be2 22. Rf2 Rd2 23. Bb1 c4 24. Kg2 Rb2 25. bxc4 Rxb1 26. Rxe2 Rc1 27. e5
Rxc3 28. Kh3 Rxc4 29. Kg4 h6 30. h4 Rc3 31. Rg2 Kd7 32. h5 Ra3 33. Rh2 gxh5+ 34.
Rxh5 Rxa2 35. Rxh6 c5 36. Kf5 Ra4 37. e6+ fxe6+ 38. Rxe6 c4 39. Re3 Rb4 40. Ra3
Rb7 41. Rc3 Rc7 42. Ke5 a5 43. Kd4 a4 44. Ra3 Ke6 45. g4 c3 46. Rxc3 Ra7 47. Ra3
Ra8 48. Kc5 Kf6 49. Kb5 e5 50. fxe5+ Kxe5 51. Rxa4 Rxa4 52. Kxa4 Kf6 53. g5+
Kxg5 1/2-1/2

[Event "College Final Four 2014"]
[Site "New York USA"]
[Date "2014.04.05"]
[Round "2.2"]
[White "Moradiabadi, Elshan"]
[Black "Luo, Xin"]
[Result "1-0"]
[WhiteTitle "GM"]
[WhiteElo "2585"]
[BlackElo "2070"]
[WhiteTeam "Texas Tech"]
[BlackTeam "University of Illinois"]
[WhiteFideId "12501255"]
[BlackFideId "8603022"]
[EventDate "2014.04.05"]

1. Nf3 c5 2. c4 Nf6 3. Nc3 Nc6 4. e3 e6 5. d4 d5 6. cxd5 exd5 7. Bb5 cxd4 8.
exd4 a6 9. Bxc6+ bxc6 10. Ne5 Qc7 11. O-O Bd6 12. Bf4 O-O 13. Rc1 Qb7 14. Na4
Qb5 15. Bg3 Bb7 16. Nd3 Be7 17. Bc7 Rac8 18. Nc3 Qc4 19. Bb6 a5 20. b3 Qa6 21.
Bc5 Rce8 22. Re1 Bxc5 23. Nxc5 Qa7 24. Qd2 Bc8 25. f3 h6 26. Rxe8 Rxe8 27. Re1
Re7 28. Re3 Kf8 29. Kf2 Rxe3 30. Qxe3 Nd7 31. N3a4 Qc7 32. Nxd7+ Bxd7 33. Nc5
Bf5 34. g3 Bc8 35. Ke1 Qe7 36. Qxe7+ Kxe7 37. Kd2 h5 38. a3 g5 39. a4 Kd6 40.
Kc3 Kc7 41. b4 axb4+ 42. Kxb4 Bf5 43. a5 Bc2 44. f4 gxf4 45. gxf4 h4 46. Na4 Kb7
47. Nb6 Kc7 48. Kc5 Bd3 49. Na4 Be2 50. Nc3 Bd3 51. Na2 Bb5 52. Nb4 Kb7 53. Nxd5
Ka6 54. Nc7+ Kxa5 55. Nxb5 1-0

[Event "College Final Four 2014"]
[Site "New York USA"]
[Date "2014.04.05"]
[Round "2.3"]
[White "Auger, Michael W"]
[Black "Gorovets, Andrey"]
[Result "0-1"]
[BlackTitle "IM"]
[WhiteElo "2128"]
[BlackElo "2442"]
[WhiteTeam "University of Illinois"]
[BlackTeam "Texas Tech"]
[WhiteFideId "2031221"]
[BlackFideId "13504037"]
[EventDate "2014.04.05"]

1. e4 c5 2. c3 Nf6 3. e5 Nd5 4. d4 cxd4 5. Nf3 Nc6 6. cxd4 d6 7. Bc4 Nb6 8. Bb5
dxe5 9. Nxe5 Bd7 10. Bxc6 Bxc6 11. Nxc6 bxc6 12. O-O e6 13. Be3 Be7 14. Nc3 O-O
15. Qe2 Nd5 16. Ne4 Qd7 17. Rfe1 Rab8 18. b3 f5 19. Nc5 Bxc5 20. dxc5 e5 21. Bc1
e4 22. Bb2 Rbe8 23. Qc4 Qe6 24. Rad1 f4 25. Rd4 e3 26. fxe3 fxe3 27. Rg4 Rf7 28.
Qd4 Ree7 29. Rg5 e2 30. h4 Rf1+ 31. Kh2 Rxe1 32. Rxg7+ Kf8 33. Qf2+ Rf7 34.
Rxf7+ Qxf7 35. Qxe1 Qf1 0-1

[Event "College Final Four 2014"]
[Site "New York USA"]
[Date "2014.04.06"]
[Round "3.1"]
[White "Zherebukh, Yaroslav"]
[Black "Le, Quang Liem"]
[Result "1/2-1/2"]
[WhiteTitle "GM"]
[BlackTitle "GM"]
[WhiteElo "2616"]
[BlackElo "2710"]
[WhiteTeam "Texas Tech"]
[BlackTeam "Webster University"]
[WhiteFideId "14116804"]
[BlackFideId "12401137"]
[EventDate "2014.04.05"]

1. d4 d5 2. c4 c6 3. Nf3 Nf6 4. Nc3 dxc4 5. a4 Bf5 6. Ne5 e6 7. f3 Bb4 8. e4
Bxe4 9. fxe4 Nxe4 10. Bd2 Qxd4 11. Nxe4 Qxe4+ 12. Qe2 Bxd2+ 13. Kxd2 Qd5+ 14.
Kc3 O-O 15. Qe3 b5 16. Be2 Nd7 17. Nxd7 Qxd7 18. Qc5 Qd8 19. Rhd1 Qf6+ 20. Rd4
Rad8 21. Rf1 Qh6 22. Rdf4 Qxh2 23. Qxc6 Qg3+ 24. Qf3 Qg5 25. axb5 Qxb5 26. Bxc4
Qa5+ 27. Kb3 Rd7 28. Qc3 Rb8+ 29. Kc2 Qg5 30. R1f2 Qg6+ 31. Kc1 Rbd8 32. b3 Qg5
33. Kb2 g6 34. g4 a5 35. Ka3 Qc5+ 36. Kb2 Qg5 37. Ka3 Qc5+ 38. Ka2 Qg5 39. Kb2
Rb7 40. Qf3 Rdd7 41. Qc3 Qc5 42. Ba6 Rbc7 43. Qxc5 Rxc5 44. Bc4 Kg7 45. Ka3 h5
46. gxh5 Rxh5 47. Ka4 Re5 48. Bb5 Rb7 49. Be8 f5 50. Rg2 Re1 51. Ka3 Kf8 52.
Bxg6 Ra1+ 53. Kb2 Rh1 54. Rc4 Rh3 55. Rc8+ Ke7 56. Rc3 Rh8 57. Bxf5 Rb6 58. Bc2
a4 59. Rg7+ Kf6 60. Rg6+ Ke7 61. Rg7+ Kf6 62. Rg6+ Ke7 63. Rc7+ Kd6 64. Ra7 axb3
65. Bxb3 Rh2+ 66. Ka3 Re2 67. Rg3 Ke5 68. Ra4 Re4 69. Ra5+ Kf6 70. Rh3 Ke7 71.
Ra8 Kd6 72. Ra7 Re2 73. Rc3 Re1 74. Rd3+ Ke5 75. Re7 Re2 76. Re8 Re1 77. Rh3 Re4
78. Rd3 Re1 79. Kb2 Re4 80. Kc3 Rc6+ 81. Kb2 Re2+ 82. Ka3 Rb6 83. Ka4 Rd6 84.
Rh3 Kd4 85. Rh4+ Re4 86. Rxe4+ Kxe4 87. Bxe6 Rb6 88. Bc4+ Kd4 89. Bb5 Rh6 90.
Kb4 Rh1 91. Rd8+ Ke3 92. Bc4 Ra1 93. Kc5 Ra5+ 94. Bb5 Kf4 95. Re8 Kf5 96. Kb4
Ra1 97. Kc3 Rd1 98. Bd3+ Kf6 99. Kd4 Kf7 100. Re3 Ra1 101. Bc4+ Kf6 102. Rf3+
Ke7 103. Rf7+ Kd6 104. Rf6+ Ke7 105. Rh6 Rd1+ 106. Bd3 Kd7 107. Ke3 Kc7 108. Be4
Rd6 109. Rh5 Rd1 110. Kf4 Kd6 111. Rh6+ Ke7 112. Ke5 Re1 113. Rh7+ Ke8 114. Rb7
Re2 115. Rb3 Ke7 116. Rb4 Re1 117. Ra4 Re2 118. Ra7+ Ke8 119. Kf4 Kd8 120. Bf5
Re7 121. Ra8+ Kc7 122. Kg5 Kd6 123. Kf6 Re1 124. Rd8+ Kc5 1/2-1/2

[Event "College Final Four 2014"]
[Site "New York USA"]
[Date "2014.04.06"]
[Round "3.2"]
[White "So, Wesley"]
[Black "Moradiabadi, Elshan"]
[Result "1-0"]
[WhiteTitle "GM"]
[BlackTitle "GM"]
[WhiteElo "2738"]
[BlackElo "2585"]
[WhiteTeam "Webster University"]
[BlackTeam "Texas Tech"]
[WhiteFideId "5202213"]
[BlackFideId "12501255"]
[EventDate "2014.04.05"]

1. d4 Nf6 2. c4 e6 3. Nf3 Bb4+ 4. Nbd2 d5 5. Qa4+ Nc6 6. a3 Bd6 7. c5 Be7 8. b4
O-O 9. e3 a6 10. Bd3 Nd7 11. Bb2 f5 12. Qc2 Bf6 13. h4 h6 14. O-O-O Rb8 15. Rdg1
b6 16. g4 fxg4 17. Ng5 hxg5 18. Bh7+ Kh8 19. Rxg4 gxh4 20. Nf3 g5 21. Nxg5 Bxg5
22. f4 Nf6 23. Rxg5 Nxh7 24. Qxh7+ 1-0

[Event "College Final Four 2014"]
[Site "New York USA"]
[Date "2014.04.06"]
[Round "3.3"]
[White "Gorovets, Andrey"]
[Black "Meier, Georg"]
[Result "1/2-1/2"]
[WhiteTitle "IM"]
[BlackTitle "GM"]
[WhiteElo "2442"]
[BlackElo "2636"]
[WhiteTeam "Texas Tech"]
[BlackTeam "Webster University"]
[WhiteFideId "13504037"]
[BlackFideId "4675789"]
[EventDate "2014.04.05"]

1. d4 Nf6 2. c4 e6 3. Nc3 Bb4 4. Nf3 c5 5. g3 Nc6 6. dxc5 Bxc3+ 7. bxc3 Qa5 8.
Nd2 Qxc3 9. Rb1 Ne4 10. Rb3 Qa5 11. Rb5 Qc3 12. Bb2 Qxd2+ 13. Qxd2 Nxd2 14. Kxd2
f6 15. Bg2 Kd8 16. Rb1 Ke7 17. Kc3 Rd8 18. Bc1 Kf7 19. Bf4 Re8 20. Bd6 b6 21.
cxb6 axb6 22. a3 Ba6 23. Rxb6 Rec8 24. Bxc6 dxc6 25. Bc5 h5 26. Rd1 Rc7 27. a4
e5 28. a5 Bb7 29. Kb4 Kg6 30. Rd6 Kf5 31. f3 e4 32. Rd4 exf3 33. exf3 g5 34. h3
Kg6 35. g4 hxg4 36. hxg4 Kg7 37. Rd6 Rf7 38. Bd4 Ra7 39. c5 Kg6 40. Bc3 Kg7 41.
Ka3 Kg6 42. Kb3 Kg7 43. Kc2 Kg6 44. Kd2 Ra8 45. Ke3 Re8+ 46. Kf2 Ra8 47. Rb2 Re8
48. Rb6 Ra8 49. Rb1 Re8 50. Re1 Ref8 51. Kg3 Rh8 52. Ree6 Rhf8 53. f4 gxf4+ 54.
Kxf4 Bc8 55. Re3 Rh7 56. Rxc6 Rh1 57. Kg3 Rg1+ 58. Kf2 Rc1 59. Rf3 Bxg4 60.
Rfxf6+ Rxf6+ 61. Bxf6 Kf5 62. Bd8 Ke4 63. Bb6 Bd7 64. Rd6 Bb5 65. Kg3 Rc3+ 66.
Kg4 Rd3 67. Re6+ Kd5 68. Rh6 Rc3 69. Kf4 Rc4+ 70. Kf5 Bd7+ 71. Kg5 Bb5 72. Rd6+
Ke5 73. Rd2 Ra4 74. Bc7+ Ke6 75. Rd6+ Ke7 76. Bd8+ Ke8 77. Bb6 Ke7 78. Kf5 Ra2
79. Re6+ Kd7 80. Rd6+ Ke7 81. Kf4 Rf2+ 82. Kg3 Rc2 83. Kf3 Rc3+ 84. Ke4 Rc2 85.
Rh6 Kd7 86. Kd4 Rc1 87. Rh7+ Ke6 88. Rh8 Rc4+ 89. Ke3 Rc2 90. Rh6+ Ke5 91. a6
Bxa6 92. Bc7+ Kd5 93. Rxa6 Rc3+ 94. Kf4 Rc4+ 95. Kf5 Rxc5 96. Be5 Rc6 97. Ra1
Rc4 98. Rd1+ Kc6 99. Ke6 Kc5 100. Bd6+ Kc6 101. Ra1 Re4+ 102. Be5 Rc4 103. Ra8
Kb7 104. Rb8+ Kc6 105. Rd8 Kc5 106. Bd6+ Kc6 107. Ke5 Kb5 108. Kd5 Rc6 109. Rh8
Rb6 110. Rh3 Rb7 111. Ra3 Kb6 112. Bc5+ Kb5 113. Rb3+ Ka6 114. Ra3+ Kb5 115. Bd6
Kb6 116. Ra8 Kb5 117. Ra1 Kb6 118. Ra8 Kb5 119. Rd8 Rb6 120. Rd7 Ka4 121. Bc5
Rb8 122. Bd6 Rb5+ 123. Kd4 Rb1 124. Ra7+ Kb3 125. Ra3+ Kc2 126. Rh3 Rd1+ 127.
Kc5 Rd3 128. Rh2+ Rd2 129. Rh6 Kd3 130. Rh3+ Ke4 131. Rh4+ Kf5 132. Rf4+ Ke6
133. Re4+ Kf5 134. Re5+ Kf6 135. Kc6 Rf2 136. Kd7 Rf5 137. Re8 Kg5 138. Ke6 Kg4
139. Rg8+ Rg5 140. Rf8 Rg6+ 141. Ke5 Kg3 142. Bb8 Kg2 143. Ke4 Re6+ 144. Be5 Rg6 1/2-1/2